01367nam a2200349Ia 4500001001200000003000800012006001900020007001500039008004100054010001700095020004200112020002600154040002100180035002100201050002300222082001700245100002600262245009700288260003800385300001700423490006100440504005100501533015200552650003000704650001500734650004200749650002500791650002900816655002900845710001700874856012600891ebr10597021CaPaEBRm u cr cn|||||||||120720s2012 ne sb 001 0 eng d z 2012025019 z9789004224681 (hardback : alk. paper) z9789004232815 (ebook) aCaPaEBRcCaPaEBR a(OCoLC)80926133514aHX533b.W35 2012eb04a335.4/112231 aWalker Gogol, Eugene.10aToward a dialectic of philosophy and organizationh[electronic resource] /cby Eugene Gogol. aLeiden ;aBoston :bBrill,c2012. axiii, 394 p.0 aStudies in critical social sciences,x1573-4234 ;vv. 45 aIncludes bibliographical references and index. aElectronic reproduction.bPalo Alto, Calif. :cebrary,d2011.nAvailable via World Wide Web.nAccess may be limited to ebrary affiliated libraries. 0aCommunism and philosophy. 0aDialectic. 0aOrganizational sociologyxPhilosophy. 0aPhilosophy, Marxist. 0aRevolutionsxPhilosophy. 7aElectronic books.2local2 aebrary, Inc.40uhttp://site.ebrary.com/lib/rucke/Doc?id=10597021zAn electronic book accessible through the World Wide Web; click to view